[Event "60th ch-RUS Higher League"]
[Site "Krasnoyarsk RUS"]
[Date "2007.09.05"]
[Round "3"]
[White "Keosidi,K"]
[Black "Volkov,Sergey1"]
[Result "0-1"]
[WhiteElo "2409"]
[BlackElo "2659"]

1.d4 d5 2.c4 c6 3.Nf3 Nf6 4.Nc3 a6 5.c5 Nbd7 6.Bf4 Nh5 7.Bd2 Nhf6 8.Bf4 Nh5
9.Bd2 g6 10.e4 dxe4 11.Nxe4 Ndf6 12.Nxf6+ exf6 13.Bc4 Qe7+ 14.Be3 Bh6 15.Qb3 Bxe3
16.Qxe3 Be6 17.Bxe6 Qxe6 18.O-O O-O 19.Qxe6 fxe6 20.b4 Nf4 21.Rfb1 Rfd8 22.Kf1 g5
23.g3 Nd5 24.a4 Nc7 25.Rd1 Rd7 26.g4 h5 27.h3 h4 28.Re1 Kf7 29.Rab1 Nd5 30.Kg2 Nc3
31.Rb3 Nxa4 32.Rbe3 Re8 33.Ra1 b5 34.cxb6 Nxb6 35.Rxa6 Nd5 36.Rb3 Rc8 37.Rb2 Ke7
38.Kh2 Rb7 39.Nd2 Nxb4 40.Ne4 Rcb8 41.Ra4 Nd3 42.Rxb7+ Rxb7 43.Ra3 Nf4 44.Ra6 Rd7
45.Rxc6 Rxd4 46.f3 Nd5 47.Ra6 Rc4 48.Ra2 Rc7 49.Rd2 Kf7 50.Re2 Kg6 51.Ra2 Nf4
52.Rb2 Ra7 53.Rc2 Ra3 54.Rf2 Nd3 55.Re2 Ne5 56.Nd2 Ra2  0-1

[Event "60th ch-RUS Higher League"]
[Site "Krasnoyarsk RUS"]
[Date "2007.09.05"]
[Round "3"]
[White "Nechepurenko,R"]
[Black "Kobalia,M"]
[Result "1/2-1/2"]
[WhiteElo "2510"]
[BlackElo "2634"]

1.d4 d5 2.c4 c6 3.Nc3 Nf6 4.Nf3 a6 5.c5 Nbd7 6.Bf4 Nh5 7.Bd2 Nhf6 8.Rc1 g6
9.h3 Qc7 10.g3 Bg7 11.Bf4 Qd8 12.Bg2 O-O 13.O-O Nh5 14.Bg5 f6 15.Bd2 f5 16.Qb3 Kh8
17.Na4 e5 18.dxe5 Nxe5 19.Nxe5 Bxe5 20.e3 Qe7 21.Bc3 Nf6 22.Bxe5 Qxe5 23.Qc3 Qe7
24.Qd4 Kg8 25.Nc3 Bd7 26.b4 Ne4 27.Rfd1 Rae8 28.a4 h5 29.b5 axb5 30.axb5 Be6
31.bxc6 bxc6 32.Nxe4 fxe4 33.Ra1 Rf7 34.Ra6 Bd7 35.Rda1 h4 36.g4 Qe5 37.Qxe5 Rxe5
38.Rb6 Be8 39.Bf1 Rc7 40.Ra8 Kf7 41.Rbb8 Ree7 42.Ba6  1/2-1/2

[Event "60th ch-RUS Higher League"]
[Site "Krasnoyarsk RUS"]
[Date "2007.09.05"]
[Round "3"]
[White "Grigoriants,S RUS"]
[Black "Lintchevski,D"]
[Result "1-0"]
[WhiteElo "2591"]
[BlackElo "2451"]

1.d4 d5 2.c4 c6 3.Nf3 Nf6 4.Nc3 a6 5.c5 Bf5 6.Bf4 Nbd7 7.e3 e6 8.Nd2 Be7
9.Be2 Bg6 10.g4 h6 11.Rc1 Qc8 12.Bg3 Bd8 13.b4 Bc7 14.f4 h5 15.g5 Ng8 16.Nf3 Bf5
17.Nh4 g6 18.Nxf5 exf5 19.h4 Ne7 20.Kf2 Nf8 21.Nb1 Ne6 22.Nd2 Qd7 23.Rb1 Nc8
24.Qc2 O-O 25.Nf3 Na7 26.a4 Rfe8 27.Rb3 Qe7 28.Rhb1 Rac8 29.Qd2 Bb8 30.Bf1 Qd7
31.Ne1 Re7 32.Qa2 Nc7 33.Qd2 Rce8 34.Bg2 Ne6 35.Bf1 Nc7 36.Bg2 Ne6 37.Kg1 Nc7
38.Nf3 Re6 39.Bf1 R8e7 40.Bf2 Qc8 41.Ne1 Re4 42.Bg2 Ne6 43.Bxe4 fxe4 44.Bg3 Ng7
45.Qg2 Qf5 46.Kh2 Ne6 47.Qh3 Kf8 48.Nc2 Ke8 49.Na3 Nc7 50.R1b2 Kd7 51.Qxf5+ gxf5
52.Be1 Kc8 53.Kg2 Re6 54.Kf1 Rg6 55.Ke2 Re6 56.Bc3 Rg6 57.Rb1 Re6 58.R3b2 Rg6
59.Kd2 Re6 60.Kc1 Rg6 61.b5 axb5 62.Ba5 bxa4 63.Rxb7 Nab5 64.Nxb5 cxb5 65.Rb6 a3
66.Rxg6 fxg6 67.Bxc7 a2 68.Bxb8 axb1=Q+ 69.Kxb1 Kxb8 70.Kb2 Ka7 71.Kb3 Kb7
72.Kb4 Ka6 73.c6  1-0

[Event "60th ch-RUS Higher League"]
[Site "Krasnoyarsk RUS"]
[Date "2007.09.05"]
[Round "3"]
[White "Makarov,M"]
[Black "Kremenietsky,AnM"]
[Result "1/2-1/2"]
[WhiteElo "2518"]
[BlackElo "2353"]

1.d4 Nf6 2.c4 c6 3.Nf3 d5 4.Nc3 a6 5.Ne5 Bf5 6.cxd5 cxd5 7.Bf4 e6 8.e3 h6
9.Rc1 Be7 10.Qb3 b5 11.Be2 O-O 12.O-O Nfd7 13.a4 b4 14.Na2 Nxe5 15.Bxe5 Ra7
16.Bd3 Bxd3 17.Qxd3 Qd7 18.b3 Nc6 19.Bg3 Rc8 20.Rc2 Raa8 21.Rfc1 Bf8 22.h3 Be7
23.Qe2 Bf8 24.Rb1 Qb7 25.Nc1 Na5 26.Nd3 Rxc2 27.Qxc2 Rc8 28.Qd1 Be7 29.f3 Qb6
30.Be1 Bd6 31.f4 Rc7 32.Rb2 Nb7 33.Rf2 f5 34.g4 a5 35.gxf5 exf5 36.Qh5 Rf7
37.Rg2 Qa6 38.Ne5 Bxe5 39.fxe5 Qd3 40.Qxh6 f4 41.exf4 Qe4 42.Qh4 Rxf4 43.Qe7 Qxe1+  1/2-1/2

[Event "Masters"]
[Site "Trieste ITA"]
[Date "2007.09.05"]
[Round "6"]
[White "Bagaturov,G"]
[Black "Ramesa,D"]
[Result "1-0"]
[WhiteElo "2474"]
[BlackElo "2310"]

1.d4 d5 2.c4 c6 3.Nf3 Nf6 4.Nc3 a6 5.c5 Bf5 6.Bf4 e6 7.h3 Nbd7 8.e3 Be7 9.Bd3 Bxd3
10.Qxd3 O-O 11.O-O Qc8 12.b4 Re8 13.a4 b6 14.a5 b5 15.Ne5 Bd8 16.f3 Nxe5
17.Bxe5 Nd7 18.e4 Nxe5 19.dxe5 f6 20.exf6 Bxf6 21.Rae1 Qc7 22.f4 Bxc3 23.Qxc3 Rf8
24.f5 Qf7 25.exd5 exd5 26.Re6 Rac8 27.Qe5 Qc7 28.Re1 Qxe5 29.R1xe5 Rfd8 30.Kf2 Kf8
31.f6 gxf6 32.Rxf6+ Kg7 33.Rfe6 Rf8+ 34.Ke3 Rc7 35.Rd6 Rf1 36.Ree6 Rcf7 37.Rxc6 Rb1
38.Kd4 Rd1+ 39.Ke5 d4 40.Kd6 d3 41.Re3 Rf4 42.Kd7 d2 43.Re7+ Kg8 44.Rc8+ Rf8
45.Rxf8+ Kxf8 46.Re2 Kf7 47.Rf2+  1-0

[Event "XXII Open"]
[Site "Parla ESP"]
[Date "2007.09.06"]
[Round "6"]
[White "Franco Alonso,A"]
[Black "Epishin,V"]
[Result "1/2-1/2"]
[WhiteElo "2425"]
[BlackElo "2587"]

1.d4 Nf6 2.c4 c6 3.Nc3 d5 4.Nf3 a6 5.cxd5 cxd5 6.Bf4 Nc6 7.Rc1 e6 8.e3 Be7
9.Ne5 Nxe5 10.Bxe5 Qb6 11.Rc2 Bd7 12.Bd3 O-O 13.O-O Bc6 14.Qf3 Rfc8 15.Rfc1 Qd8
16.h3 Ne8 17.Qh5 g6 18.Qe2 Nd6 19.Nb1 Bd7 20.Nd2 Rxc2 21.Rxc2 Rc8 22.Nb3 Rxc2
23.Qxc2 Ba4 24.Qc3 Bxb3 25.Qxb3 b5 26.Bxd6 Bxd6 27.Qc2 Qa5 28.a3 Kg7 29.g3 Qb6
30.b4 a5 31.bxa5 Qxa5 32.Qb3 Bxa3 33.Qxb5 Qc3 34.Bf1 h5 35.h4 Be7 36.Qd3 Qc7
37.Qe2 Qd8 38.Bg2 Bd6 39.Qd1 Qb8 40.Qe1 Qb2 41.Bf3 Bb4 42.Qe2 Bd2 43.Qd3 Ba5
44.Kg2 Bd8 45.Bd1  1/2-1/2

[Event "2nd Women's"]
[Site "Baku AZE"]
[Date "2007.09.07"]
[Round "4"]
[White "Cmilyte,V"]
[Black "Stefanova,A"]
[Result "1/2-1/2"]
[WhiteElo "2467"]
[BlackElo "2481"]

1.d4 d5 2.c4 c6 3.Nc3 Nf6 4.Nf3 a6 5.c5 Nbd7 6.Bf4 g6 7.Qc2 Bg7 8.h3 O-O
9.e3 Ne4 10.Be2 e5 11.Nxe5 Nexc5 12.Nxd7 Nxd7 13.O-O-O Qa5 14.Kb1 Re8 15.g4 Nf6
16.f3 Be6 17.Be5 Rac8 18.h4 c5 19.h5 b5 20.hxg6 hxg6 21.dxc5 b4 22.Bxf6 Bxf6
23.Nxd5 Bg7 24.e4 Rxc5 25.Qd2 Bxd5 26.exd5 Rd8 27.d6 Rc6 28.d7 Qe5 29.f4 Qf6
30.g5 Qf5+ 31.Qd3 Rxd7 32.Qxf5 Rxd1+ 33.Rxd1 gxf5 34.Rd8+ Bf8 35.Rd5 Rc5
36.Rd7 Rc6 37.Bh5 f6 38.Bf7+ Kh8 39.g6 Rd6 40.Rc7 Rd1+ 41.Kc2 Rg1 42.Be8 Bd6
43.Rc6 Bxf4 44.Rxf6 Rg2+ 45.Kd3 Be5 46.Rxf5 Bxb2 47.Rf8+ Kg7 48.Rf7+ Kg8
49.Ra7 Rg3+ 50.Ke4 Rg5 51.Kf4 Bc1+ 52.Kf3 a5 53.Rc7 Bb2 54.Ra7 Bc3 55.Rd7 Bb2
56.Rd6 Kg7 57.Rc6 Bc3 58.Rc7+ Kf8 59.Bf7  1/2-1/2

[Event "60th ch-RUS Higher League"]
[Site "Krasnoyarsk RUS"]
[Date "2007.09.08"]
[Round "5"]
[White "Iskusnyh,S"]
[Black "Volkov,Sergey1"]
[Result "1/2-1/2"]
[WhiteElo "2488"]
[BlackElo "2659"]

1.d4 d5 2.c4 c6 3.Nf3 Nf6 4.Nc3 a6 5.a4 Nbd7 6.g3 dxc4 7.Bg2 a5 8.O-O Nb6
9.Ne5 Ng4 10.Bf4 f6 11.Nf3 g5 12.Bc1 Bg7 13.b3 e5 14.bxc4 Nxc4 15.Qb3 exd4
16.Qxc4 dxc3 17.Ba3 Bf8 18.h3 Ne5 19.Nxe5 fxe5 20.Qxc3 Qf6 21.f4 Bb4 22.Qe3 gxf4
23.Rxf4 Qd6 24.Kh2 Be6 25.Re4 O-O-O 26.Rxe5 Bc4 27.Rc1 Bf7 28.Bxb4 axb4 29.Ra5 Rhe8
30.Qb6 Qc7 31.Ra8+ Kd7 32.Rd1+ Bd5 33.Rxd8+ Kxd8 34.Qf2 Kc8 35.Bxd5 cxd5
36.Rxd5 Kb8 37.Rb5 Qc4 38.Qf4+ Qxf4 39.gxf4 Rxe2+ 40.Kg3 Re4 41.f5 Kc7 42.f6 Re6
43.Rf5 Re8 44.Kf4 b3 45.Rb5 Re6 46.Kf5 Rb6 47.Rxb6 Kxb6 48.f7 b2 49.f8=Q b1=Q+
50.Kg4 Qe4+ 51.Kg3 Ka5 52.Qa8+ Kb4 53.a5 h5 54.Qd8 Ka4 55.Qd1+ Kxa5 56.Qxh5+ b5
57.h4 Qe1+ 58.Kg2 Ka4 59.Qg4+ b4 60.h5 Qd2+ 61.Kg3 Ka3 62.Qg6 Qe3+ 63.Kg2 b3
64.h6 Qd2+ 65.Kg3 Qc3+ 66.Kg2 Qd2+ 67.Kg3 b2 68.Qa6+ Kb3 69.Qb5+ Kc2 70.Qc4+ Kd1
71.Qf1+ Qe1+ 72.Qxe1+ Kxe1 73.h7 b1=Q 74.h8=Q  1/2-1/2

[Event "3rd Geller mem Open A"]
[Site "Odessa UKR"]
[Date "2007.09.08"]
[Round "1"]
[White "Fiodorov,M"]
[Black "Vysochin,S"]
[Result "0-1"]
[WhiteElo "2210"]
[BlackElo "2518"]

1.d4 d5 2.c4 c6 3.Nf3 Nf6 4.Nc3 a6 5.c5 Nbd7 6.Bf4 Nh5 7.Bd2 Nhf6 8.h3 Qc7
9.g3 e5 10.dxe5 Nxe5 11.Nxe5 Qxe5 12.Bf4 Qe6 13.Qd4 Nd7 14.Na4 Be7 15.Bg2 O-O
16.O-O f5 17.Rad1 a5 18.Rfe1 Rf7 19.Qc3 Nf6 20.Nb6 Ra6 21.f3 Nh5 22.Bb8 Nf6
23.g4 h6 24.gxf5 Qxf5 25.Nxc8 Qxc8 26.Be5 Qf8 27.Bd4 Nd7 28.Rc1 Bh4 29.Rf1 Ra8
30.e3 Bf6 31.f4 Re7 32.Bf3 Kh8 33.Kg2 Bxd4 34.Qxd4 Nf6 35.Rc3 Rae8 36.Re1 Re6
37.Kh2 Qe7 38.Ra3 Qc7 39.Kg2 Ne4 40.Kh2 Rf6 41.Bg2 Ng5 42.Kg1 Ne4 43.Rc1 Rg6
44.Rc2 Qd8 45.Qd1 Qh4 46.Kf1 Ng3+ 47.Kg1 Nf5 48.Qf3 Rg3 49.Qf2 Nxe3 50.Re2 d4
51.Kh1 Kh7 52.Bf1 Nxf1 53.Qxf1 Rxa3 54.bxa3 Rxe2 55.Qxe2 Qxh3+  0-1

[Event "60th ch-RUS Higher League"]
[Site "Krasnoyarsk RUS"]
[Date "2007.09.09"]
[Round "6"]
[White "Najer,E"]
[Black "Popov,Iv RUS"]
[Result "1/2-1/2"]
[WhiteElo "2623"]
[BlackElo "2524"]

1.d4 d5 2.c4 c6 3.Nc3 Nf6 4.Nf3 a6 5.c5 Bf5 6.Bf4 Nbd7 7.e3 e6 8.Nd2 Be7
9.Be2 h6 10.b4 Qc8 11.a4 b6 12.a5 b5 13.g4 Bg6 14.h4 Bd8 15.h5 Bh7 16.Qb3 Bc7
17.Bxc7 Qxc7 18.f4 Ng8 19.Rf1 Ne7 20.e4 Nf6 21.e5 Nd7 22.Nd1 O-O-O 23.Qg3 f6
24.Ne3 fxe5 25.fxe5 Rdf8 26.O-O-O Qd8 27.Ng2 Rxf1 28.Rxf1 Qg8 29.Nf4 g5 30.hxg6 Nxg6
31.Nh5 Ngf8 32.Qf4 Bg6 33.Nf6 Qg7 34.Rh1 Bf7 35.Bd3 Bg6 36.Be2 Bf7 37.Rf1 Bg6
38.Nf3 Nh7 39.Rh1 Nhxf6 40.exf6 Nxf6 41.Ne5 Be8 42.Bd3 Kb7 43.Kc2 Kc8 44.Kc3 Kb7
45.Rh4 Kc8 46.Rh2 Kb7 47.Bc2 Kc8 48.Rh1 Kb7 49.Bd3 Kc8 50.Rh2 Kb7 51.Rh4 Kc8
52.Qe3 Kb7 53.Rh1 Kc7 54.Qf4  1/2-1/2

[Event "3rd Geller mem Open A"]
[Site "Odessa UKR"]
[Date "2007.09.10"]
[Round "3"]
[White "Ovsiannikov,M"]
[Black "Baranov,J"]
[Result "1/2-1/2"]
[WhiteElo "2081"]
[BlackElo "2206"]

1.d4 d5 2.c4 c6 3.Nf3 Nf6 4.Nc3 a6 5.c5 Nbd7 6.Bf4 Nh5 7.Bd2 Nhf6 8.Bf4 Nh5
9.Bd2 e5 10.Nxe5 Nxe5 11.dxe5 Qe7 12.e4 Qxe5 13.Be2 d4 14.O-O Nf6 15.Na4 Bxc5
16.Nxc5 Qxc5 17.Rc1 Qb6 18.a3 Nxe4 19.Bb4 a5 20.Qd3 axb4 21.Qxe4+ Be6 22.Bc4 O-O
23.Bxe6 fxe6 24.Qxe6+ Kh8 25.Qb3 Rad8 26.Qxb4 Qxb4 27.axb4 Rf5 28.Rfd1 Kg8
29.Rc4 d3 30.f4 Kf7 31.Kf2 g5 32.g3 gxf4 33.g4 Rf6 34.Kf3 Kg6 35.h4 d2 36.h5+ Kg7
37.Rxf4 h6 38.Rxf6 Kxf6 39.Kf4 Rd5 40.b5 Rxb5 41.Rxd2 Rb4+ 42.Kf3 Kg5 43.Rd6 Rb3+
44.Ke4 Kxg4 45.Rxh6 Rxb2 46.Rh8 Re2+ 47.Kd4 Re7 48.h6 Kg5 49.Kc5 Kg6 50.Kd6 Rh7
51.Rg8+ Kxh6 52.Ke6 Rc7 53.Rg2 c5 54.Kd5 b5 55.Kd6 Rc8 56.Kd7 Rb8 57.Kc7 Rf8
58.Kc6 c4 59.Kxb5  1/2-1/2

[Event "60th ch-RUS Higher League"]
[Site "Krasnoyarsk RUS"]
[Date "2007.09.11"]
[Round "8"]
[White "Lysyj,I"]
[Black "Volkov,Sergey1"]
[Result "1/2-1/2"]
[WhiteElo "2578"]
[BlackElo "2659"]

1.d4 d5 2.c4 c6 3.Nc3 Nf6 4.Nf3 a6 5.c5 Nbd7 6.g3 e5 7.dxe5 Ng4 8.Qd4 Nxc5
9.h3 Nh6 10.g4 Ng8 11.Bg2 h5 12.g5 Ne7 13.O-O Ng6 14.Rd1 Bf5 15.Qe3 Ne6 16.Nd4 Nxd4
17.Qxd4 Be7 18.e4 dxe4 19.Nxe4 Qxd4 20.Rxd4 Nxe5 21.Bf4 Ng6 22.Nd6+ Bxd6
23.Bxd6 O-O-O 24.Rad1 Rd7 25.Kh2 Rhd8 26.b4 Ne7 27.Be5 Rxd4 28.Rxd4 Rxd4
29.Bxd4 g6 30.Bc5 Kd7 31.Kg3 Nd5 32.a3 Nc7 33.h4 Ne6 34.Bb6 Kd6 35.a4 Bg4
36.a5 Ng7 37.Be4 Ke5 38.Bc2 Be6 39.Kf3 Bf5 40.Bb3 Be4+ 41.Kg3 Nf5+ 42.Kh3 Bd5
43.Bc2 Be4 44.Bc7+ Kd5 45.Bb3+ Kd4 46.Bxf7 Ne7 47.Kg3 Bd5 48.Be8 Nf5+ 49.Kf4 Nxh4
50.Kg3 Nf3 51.Bxg6 Kc4 52.Bd6 Nxg5 53.Kh4 Nf3+ 54.Kxh5 Be6 55.Be4 Nd2 56.Bc2 Kd5
57.Bc5 Ke5 58.Kg6 Ne4 59.Bb6 c5 60.Bc7+ Kd4 61.Bb6 Nxf2 62.Bxc5+ Kc3 63.Bxf2  1/2-1/2

[Event "2nd Women's"]
[Site "Baku AZE"]
[Date "2007.09.12"]
[Round "9"]
[White "Cramling,P"]
[Black "Stefanova,A"]
[Result "1/2-1/2"]
[WhiteElo "2533"]
[BlackElo "2481"]

1.d4 d5 2.Nf3 c6 3.c4 Nf6 4.Nc3 a6 5.a4 e6 6.Bg5 a5 7.e3 Be7 8.Bd3 Na6 9.e4 Nb4
10.e5 Nxd3+ 11.Qxd3 Nd7 12.Bxe7 Qxe7 13.O-O b6 14.Nd2 Ba6 15.f4 O-O 16.b3 f6
17.Qe3 fxe5 18.fxe5 Rxf1+ 19.Rxf1 Rf8 20.Rxf8+ Nxf8 21.cxd5 cxd5 22.Ne2 Bxe2
23.Qxe2  1/2-1/2

[Event "17th ch-EU U16 Girls"]
[Site "Sibenik CRO"]
[Date "2007.09.16"]
[Round "3"]
[White "Tsatsalashvili,K"]
[Black "Babei,A"]
[Result "1-0"]
[WhiteElo "2181"]
[BlackElo "1964"]

1.d4 d5 2.c4 c6 3.Nf3 Nf6 4.Nc3 a6 5.c5 Nbd7 6.Bf4 g6 7.e3 Bg7 8.Be2 O-O
9.Ne5 Ne8 10.Nxd7 Bxd7 11.O-O Nc7 12.Qb3 Rb8 13.Rfd1 Re8 14.e4 dxe4 15.Bc4 Be6
16.Bxe6 Nxe6 17.Bxb8 Qxb8 18.Qc4 b5 19.cxb6 Qxb6 20.d5 cxd5 21.Nxd5 Qc5 22.Rac1 Qa7
23.Qxe4 Bxb2 24.Rc2 Bg7 25.Rdc1 Bh6 26.Rc8 Rxc8 27.Rxc8+ Bf8 28.h3 Qd7 29.Rb8 Qd6
30.Rb1 Qa3 31.Qc4 Qc5 32.Qxc5 Nxc5 33.Rb8 Kg7 34.Nc7 e6 35.Ra8 a5 36.Rxa5 Nd3
37.Ne8+ Kg8 38.Nf6+ Kg7 39.Ne4 Bb4 40.Ra7 h6 41.a4 Kf8 42.a5 f5 43.a6 fxe4
44.Rf7+ Kxf7 45.a7 Bc5 46.a8=Q Nxf2 47.Qc6 Nd3+ 48.Kf1  1-0

[Event "17th ch-EU U16 Girls"]
[Site "Sibenik CRO"]
[Date "2007.09.23"]
[Round "9"]
[White "Khazhomia,S"]
[Black "Babei,A"]
[Result "1-0"]
[WhiteElo "2175"]
[BlackElo "1964"]

1.d4 d5 2.Nf3 Nf6 3.c4 c6 4.Nc3 a6 5.a4 e6 6.e3 Nbd7 7.Bd3 Be7 8.O-O O-O
9.e4 dxc4 10.Bxc4 Nb6 11.Be2 c5 12.Bf4 a5 13.Nb5 Ne8 14.Rc1 cxd4 15.Nc7 d3
16.Bxd3 Ra7 17.Be3 Nd7 18.Bxa7 Nxc7 19.Qc2 Bd6 20.e5 Nxe5 21.Nxe5 Bxe5 22.Bb6  1-0

[Event "Open"]
[Site "Miami USA"]
[Date "2007.09.26"]
[Round "1"]
[White "Rodriguez,Er"]
[Black "Gonzalez,Ren"]
[Result "1/2-1/2"]
[WhiteElo "2259"]
[BlackElo "2456"]

1.d4 d5 2.c4 c6 3.Nf3 Nf6 4.Nc3 a6 5.c5 Nbd7 6.Bf4 Nh5 7.Bd2 Nhf6 8.Bf4 g6
9.h3 Bg7 10.e3 O-O 11.Bd3 b6 12.b4 Nh5 13.Bh2 bxc5 14.bxc5 Nxc5 15.Be2 Qa5
16.O-O Nd7 17.Rc1 Nhf6 18.Qa4 Qxa4 19.Nxa4 Bb7 20.Rb1 Ra7 21.Rfc1 a5 22.Rb3 Rfa8
23.Rcb1 Ba6 24.Bxa6 Rxa6 25.Rb7 R6a7 26.Ne1 Bf8 27.Nd3 e6 28.Kf1 Ne4 29.Ke2 Bd6
30.f3 Bxh2 31.fxe4 dxe4 32.Ndc5 Nxc5 33.Nxc5 Rxb7 34.Rxb7 Rb8 35.Rxb8+ Bxb8
36.Nxe4 Kf8 37.Kd3 Ke7 38.Kc4 Ba7 39.Nc5 h5 40.Kb3 e5 41.Kc4 exd4 42.exd4 g5
43.a4 h4 44.Ne4 f6 45.d5 cxd5+ 46.Kxd5 Be3 47.Nd6 Bd2 48.Nf5+ Kf7 49.Kd6 Bb4+
50.Kd7 Bc5 51.Kc6 Bf2 52.Kd7 Bc5 53.Kc6 Bb4 54.Kd7 Be1 55.Ne3 Bf2 56.Nc4 Be1
57.Ne3 Bd2 58.Nc4 Bb4 59.Ne3 Be1 60.Nf5 Bd2 61.Kd6 Bc3 62.Kd7 Kg6 63.Ne7+ Kf7
64.Nf5 Be1 65.Ne3 Kg6 66.Ke6 Bb4 67.Ng4 Bc3 68.Ne3 Bd4 69.Nf5 Bc5 70.g4 hxg3
71.Nxg3 Bd4 72.Nf5 Bc5 73.Ng3 Ba3 74.Nf5 Bb2 75.Ne7+ Kh5 76.Nf5 Be5 77.Kf7 g4
78.Ng7+ Kh4 79.hxg4 Kxg4 80.Ke6 Bc3 81.Nf5 Kf4 82.Ne7 Kg5 83.Nf5 Bb2 84.Ne7 Kg4
85.Nd5 Kg5 86.Ne7 Be5 87.Nc6 Bc7 88.Ne7 Bd8 89.Nc6 Bb6 90.Ne7 Bd4 91.Nc6 Bc3
92.Ne7 Bb2 93.Nc6 f5 94.Nxa5 f4 95.Nc4 Bc3 96.Kd5 f3 97.Ke4 f2 98.Ne3 Bd2
99.Nf1 Ba5 100.Kf3 Bb6 101.a5 Ba7 102.Ng3 Kf6 103.Ne4+ Ke6 104.Nxf2 Bxf2
105.Kxf2 Kd5  1/2-1/2

[Event "Magistral ITT ENDESA"]
[Site "Santiago CHI"]
[Date "2007.09.26"]
[Round "1"]
[White "Michel Yunis,C"]
[Black "Llorens,M"]
[Result "0-1"]
[WhiteElo "2368"]
[BlackElo "2353"]

1.d4 d5 2.c4 c6 3.Nf3 Nf6 4.Nc3 a6 5.cxd5 cxd5 6.Bf4 g6 7.e3 Bg7 8.Rc1 O-O
9.Bd3 Bg4 10.h3 Bxf3 11.Qxf3 Nbd7 12.Nxd5 Qa5+ 13.Nc3 Nh5 14.O-O Nxf4 15.Qxf4 e5
16.dxe5 Bxe5 17.Qf3 b5 18.Qd5 Rad8 19.Rfd1 Bg7 20.Bf1 Qb4 21.Qd2 Nb6 22.Qc2 Rxd1
23.Rxd1 Rc8 24.Qd2 Bxc3 25.bxc3 Qc5 26.Qd6 Qc6 27.Qe5 Re8 28.Qd4 Re4 29.Qd8+ Re8
30.Qd6 Re6 31.Qb8+ Re8 32.Rd6 Rxb8 33.Rxc6 Kf8 34.Bd3 Ke8 35.Rc7 Nd5 36.Rc5 Nb6
37.Bc2 Kd7 38.Be4 Na4 39.Rc6 Rb6 40.Rxb6 Nxb6 41.Bc2 Kd6 42.Bb3 f6 43.Kf1 a5
44.Ke2 a4 45.Bg8 h6 46.Kd3 Kc5 47.Bf7 g5 48.Ke4 Nc4 49.Kf5 Nd2 50.e4 Nb1
51.Kxf6 Nxc3 52.Ke5 b4 53.g3 Nxa2 54.f4 Nc1 55.f5 b3 56.f6 b2 57.Ba2 Nxa2
58.f7 b1=Q 59.f8=Q+ Kc4 60.Qc8+ Kb3 61.Qe6+ Ka3 62.Kf6  0-1

[Event "Open"]
[Site "Corfu GRE"]
[Date "2007.10.05"]
[Round "5"]
[White "De Andres Gonalons,F"]
[Black "Georgiadis,A"]
[Result "1/2-1/2"]
[WhiteElo "2115"]
[BlackElo "1882"]

1.d4 d5 2.c4 c6 3.Nf3 Nf6 4.Nc3 a6 5.c5 Bf5 6.Bf4 Nbd7 7.e3 e6 8.Be2 h6 9.Nd2 Be7
10.O-O O-O 11.a3 Re8 12.b4 Bf8 13.Bg3 e5 14.Nb3 exd4 15.Nxd4 Bh7 16.Qd2 Ne5
17.Nf3 Nxf3+ 18.Bxf3 Ne4 19.Bxe4 dxe4 20.Qb2 Qf6 21.Na4 Qe6 22.Rfd1 Rad8
23.Bd6 g5 24.Bxf8 Rxf8 25.Rd4 Rxd4 26.Qxd4 Qb3 27.Nb6 Qd3 28.Rd1 Qxd4 29.Rxd4 f5
30.Rd7 Rf7 31.Rxf7 Kxf7 32.Nc4 Ke6 33.Na5 Kd5 34.Nxb7 f4 35.Na5 h5 36.Kf1 Bf5
37.Ke1 Bg4 38.Kd2 h4 39.g3 hxg3 40.hxg3 fxg3 41.fxg3 Bf3 42.Nb3 Bg4 43.Nd4 Bd7
44.Kc3 Bg4 45.Nb3 Be2 46.Nd4 Bg4 47.Nb3 Be2 48.Nd4 Bg4 49.Nb3  1/2-1/2

[Event "27th Open"]
[Site "Munich GER"]
[Date "2007.10.05"]
[Round "7"]
[White "Fedorovsky,M"]
[Black "Terekhov,A"]
[Result "1/2-1/2"]
[WhiteElo "2400"]
[BlackElo "2318"]

1.d4 d5 2.c4 c6 3.Nf3 Nf6 4.Nc3 a6 5.h3 Bf5 6.g4 Bg6 7.Qb3 Ra7 8.cxd5 Nxd5
9.Ne5 Nxc3 10.bxc3 Nd7 11.Bg2 e6 12.h4 Qb6 13.Qxb6 Nxb6 14.h5 Bc2 15.Kd2 Ba4
16.Rb1 Nd7 17.Nxd7 Kxd7 18.c4 Be7 19.Kc3 b5 20.c5 a5 21.a3 e5 22.Be3 Bf6
23.dxe5 Bxe5+ 24.Bd4 Bxd4+  1/2-1/2

[Event "IV Amateur Open"]
[Site "Calvia ESP"]
[Date "2007.10.06"]
[Round "1"]
[White "Mulligan,S"]
[Black "De Luna,A"]
[Result "1/2-1/2"]
[WhiteElo "2147"]
[BlackElo "1854"]

1.d4 d5 2.c4 c6 3.Nf3 Nf6 4.Nc3 a6 5.e3 b5 6.b3 Bg4 7.Be2 e6 8.Qc2 Be7 9.Bb2 Nbd7
10.O-O O-O 11.Ne5 Nxe5 12.dxe5 Bf5 13.Qd1 Ne4 14.Nxe4 Bxe4 15.Qc1 dxc4 16.bxc4 b4
17.Rd1 Qc7 18.f3 Bg6 19.e4 c5 20.Qe3 a5 21.f4 a4 22.Rab1 a3 23.Ba1 f5 24.Bd3 fxe4
25.Bxe4 Bxe4 26.Qxe4 Rad8 27.g3 g6 28.Kf2 Rxd1 29.Rxd1 Rd8 30.Ke2 Rxd1 31.Kxd1 Qd7+
32.Ke2 Kf7  1/2-1/2

[Event "Open"]
[Site "Nelson NZL"]
[Date "2007.10.06"]
[Round "8"]
[White "Jones,B"]
[Black "Dive,RJ"]
[Result "0-1"]
[WhiteElo "2084"]
[BlackElo "2344"]

1.Nf3 d5 2.d4 Nf6 3.c4 c6 4.Nc3 a6 5.e3 e6 6.Be2 dxc4 7.Bxc4 b5 8.Bd3 c5
9.O-O Bb7 10.Qe2 cxd4 11.exd4 Be7 12.Bg5 O-O 13.Rfd1 Re8 14.Bxf6 Bxf6 15.Ne5 g6
16.Be4 Ra7 17.Qf3 Bxe4 18.Nxe4 Bg7 19.Rac1 Qd5 20.Nf6+ Bxf6 21.Qxf6 Qd8 22.Qf4 Kg7
23.d5 exd5 24.Qd4 Rb7 25.Nc6+ Qf6 26.Qxf6+ Kxf6 27.Nxb8 Rbxb8 28.Rxd5 Rbc8
29.Rdd1 Rxc1 30.Rxc1 Re2 31.g3 a5 32.Rc6+ Ke7 33.Rc5 Rxb2 34.a4 Kd6 35.Rc8 bxa4
36.Kg2 Rb4 37.Rc3 Kd5 38.Kh3 Rc4 39.Rf3 f5 40.Re3 Kc5 41.f4 Kb4  0-1

[Event "Open"]
[Site "Winterthur SUI"]
[Date "2007.10.06"]
[Round "2"]
[White "Buhmann,R"]
[Black "Meertens,Mart"]
[Result "1-0"]
[WhiteElo "2567"]
[BlackElo "2192"]

1.Nf3 d5 2.d4 Nf6 3.c4 c6 4.Nc3 a6 5.a4 e6 6.g3 dxc4 7.Bg2 c5 8.O-O Nc6 9.Ne5 Bd7
10.Nxd7 Qxd7 11.d5 exd5 12.Nxd5 Nxd5 13.Qxd5 Qxd5 14.Bxd5 Rd8 15.Bxc6+ bxc6
16.Be3 Rb8 17.Rfc1 Rxb2 18.Rxc4 Rb4 19.Rc2 h5 20.h3 Kd7 21.Kg2 g6 22.Rd1+ Ke6
23.Rcd2 Be7 24.Rd7 Rxa4 25.Rc7 Rd8 26.Rxc6+ Kf5 27.Rb1 Rb4 28.Ra1 Ra8 29.Kf3 Rb3
30.Ra4 Ke5 31.Kg2 Kd5 32.Rc7 Kd6 33.Bf4+  1-0

[Event "FSIM October"]
[Site "Budapest HUN"]
[Date "2007.10.11"]
[Round "6"]
[White "Vegh,E"]
[Black "Farago,S"]
[Result "1/2-1/2"]
[WhiteElo "2303"]
[BlackElo "2261"]

1.d4 d5 2.c4 c6 3.Nc3 Nf6 4.Nf3 a6 5.c5 g6 6.Bf4 Bg7 7.e3 a5 8.h3 b5 9.cxb6 Qxb6
10.Rb1 c5  1/2-1/2

[Event "TCh-HUN 2007-8"]
[Site "Budapest HUN"]
[Date "2007.10.14"]
[Round "1"]
[White "Krizsany,L jr"]
[Black "Meszaros,Mi"]
[Result "1/2-1/2"]
[WhiteElo "2456"]
[BlackElo "2373"]

1.d4 d5 2.c4 c6 3.Nf3 Nf6 4.Nc3 a6 5.c5 Nbd7 6.Bf4 Nh5 7.Bd2 Nhf6 8.Bf4 Nh5
9.e3 g6 10.Be2 Bg7 11.O-O  1/2-1/2

[Event "FSGM October"]
[Site "Budapest HUN"]
[Date "2007.10.15"]
[Round "10"]
[White "Bromberger,S"]
[Black "Brustkern,J"]
[Result "1-0"]
[WhiteElo "2491"]
[BlackElo "2332"]

1.d4 d5 2.c4 c6 3.Nf3 Nf6 4.Nc3 a6 5.c5 Nbd7 6.Bf4 Nh5 7.Bd2 e5 8.Nxe5 Nxe5
9.dxe5 Qe7 10.e4 Qxe5 11.Qe2 d4 12.Na4 Nf6 13.g3 Qxe4 14.Nb6 Rb8 15.b4 Bf5
16.Bf4 Rd8 17.Bg2 Qxe2+ 18.Kxe2 d3+ 19.Kd2 Rd4 20.Rhe1+ Kd8 21.Kc3 Rxf4 22.gxf4 g6
23.Rad1 Bh6 24.Nc4 Bxf4 25.Ne5 Kc7 26.Nxd3 Bxh2 27.Re7+ Kc8 28.Rxf7 Rd8 29.Rxf6 Rxd3+
30.Rxd3 Be5+ 31.Kd2 Bxf6 32.Bh3 Bxh3 33.Rxh3 h5 34.Rf3 Bd8 35.Rf7 g5 36.Ke3 a5
37.a3 axb4 38.axb4 h4 39.Ke4 Bc7 40.Rh7 Bf4 41.Rxh4 Bd2 42.Rh8+ Kd7 43.Rh7+ Kc8
44.Rg7  1-0

[Event "FSIM October"]
[Site "Budapest HUN"]
[Date "2007.10.15"]
[Round "10"]
[White "Pitl,G"]
[Black "Vegh,E"]
[Result "1/2-1/2"]
[WhiteElo "2403"]
[BlackElo "2303"]

1.d4 d5 2.c4 c6 3.Nf3 Nf6 4.Nc3 a6 5.c5 g6 6.Bf4 Bg7 7.h3 O-O 8.e3 Nfd7 9.Be2 e5
10.Bh2 e4 11.Nd2 f5 12.Na4 a5 13.Nb3 Na6 14.Qd2  1/2-1/2

[Event "3rd Arctic Cup"]
[Site "Salekhard RUS"]
[Date "2007.10.18"]
[Round "11"]
[White "Gusarov,G"]
[Black "Straka,Jo"]
[Result "1-0"]
[WhiteElo "2159"]
[BlackElo "2039"]

1.d4 d5 2.Nf3 Nf6 3.c4 c6 4.Nc3 a6 5.c5 Nbd7 6.Bf4 Ne4 7.Qc2 Nxc3 8.bxc3 f6
9.e4 e5 10.Be3 Be7 11.Bd3 f5 12.exd5 e4 13.dxc6 bxc6 14.Bc4 exf3 15.Qxf5 Nf6
16.Qxf3 Nd5 17.O-O Bf6 18.Bf4 O-O 19.Bd6 Be6 20.Bxf8 Qxf8 21.Rab1 Qc8 22.Rfe1 Bf7
23.Qg3 h5 24.Rb3 h4 25.Qf3 h3 26.Qxh3 Qxh3 27.gxh3 a5 28.Rb7 a4 29.Reb1 Rf8
30.Rd7 Re8 31.a3 Rc8 32.h4 Be6 33.Ra7 Bxh4 34.Rbb7 Bf6 35.Rxa4 Kh7 36.Ra6 Bg8
37.Rba7 Nxc3 38.Bxg8+ Kxg8 39.Ra8 Rxa8 40.Rxa8+ Kh7 41.Rc8 Bxd4 42.Rxc6 Ne4
43.Kg2 Nxc5 44.a4 Nb7 45.Rc4 Bf6 46.Rb4 Na5 47.Kf3 Nc6 48.Rb6 Na5 49.Ke4 Nc4
50.Ra6 Bd8 51.Kd5 Nd2 52.Ra8 Bh4 53.f4 Nf3 54.a5 Nxh2 55.a6 Bf2 56.Ke4 Kg6
57.Rd8 Bc5 58.Rd6+ Kf7 59.Rc6 Bg1 60.Rc7+ Kg6 61.Rc6+ Kf7 62.Kf5 Nf3 63.Rc7+ Kg8
64.a7 Bxa7 65.Rxa7 Kh7 66.Kg4 Nd4 67.Rd7 Nc6 68.Kg5 Nb8 69.Rd6 g6 70.Rb6  1-0

[Event "Open A"]
[Site "Arco di Trento ITA"]
[Date "2007.10.20"]
[Round "1"]
[White "Idili,L"]
[Black "Crea,V"]
[Result "1/2-1/2"]
[WhiteElo "1735"]
[BlackElo "2042"]

1.d4 d5 2.Nf3 c6 3.c4 Nf6 4.Nc3 a6 5.cxd5 cxd5 6.Bf4 Nc6 7.e3 e6 8.h3 Bd7
9.a3 Rc8 10.Bd3 Be7 11.O-O O-O 12.Ne5 Be8 13.Rc1 Nd7 14.Nxc6 Rxc6 15.Qg4 f5
16.Qe2 Nf6 17.f3  1/2-1/2

[Event "TCh-FIN 2007-8"]
[Site "Finland FIN"]
[Date "2007.10.20"]
[Round "3"]
[White "Sammalvuo,T"]
[Black "Kanep,M"]
[Result "1/2-1/2"]
[WhiteElo "2464"]
[BlackElo "2515"]

1.Nf3 Nf6 2.c4 c6 3.Nc3 d5 4.d4 a6 5.cxd5 cxd5 6.Bf4 Nc6 7.Rc1 Bf5 8.e3 Rc8
9.Ne5 Nxe5 10.Bxe5 Nd7 11.Qb3 Qb6 12.Kd2 Qxb3 13.axb3 e6 14.Bd3 Bxd3 15.Kxd3 f6
16.Bg3  1/2-1/2